00771nam a2200229Ii 45000010005000000030009000050080041000140200015000550400033000700410008001030820017001111000035001282450029001632640052001923000012002443360026002563370028002823380027003109400050003379990017003879520137004042360CO-ViMGA241108s9999||||xx |||||||||||||| ||und|| a9586823350 aCO-ViMGAbspaerdacCO-ViMGA0 aspa04a616.863 P37j1 aAugusto Pérez Gómez94506410aLa juventud y las drogas 1aBogotá, Colombia : Alfaomega Colombiana, 2002 avolumen atextbtxt2rdacontent aunmediatedbn2rdamedia avolumebnc2rdacarrier aidficha_siabuc: 2312. -- ficha_no_siabuc:2360 c39546d39546 001040708001aMEVIGERRbMEVIGERRcGENd2006-02-15o616.863 P37jpECA16674r2024-11-25 15:06:41tEj.1w2024-11-25yBKz2312 | 2759